UBT Library

Organic and biochemistry for today / (Record no. 43572)

000 -LEADER
fixed length control field 00661cam a2200229 a 4500
001 - CONTROL NUMBER
control field 16006880
005 - DATE AND TIME OF LATEST TRANSACTION
control field 20180227053532.0
008 - FIXED-LENGTH DATA ELEMENTS--GENERAL INFORMATION
fixed length control field 091203s2011 at a 001 0 eng
010 ## - LIBRARY OF CONGRESS CONTROL NUMBER
LC control number 2009942741
020 ## - INTERNATIONAL STANDARD BOOK NUMBER
International Standard Book Number 9780538734318
020 ## - INTERNATIONAL STANDARD BOOK NUMBER
International Standard Book Number 0538734310
040 ## - CATALOGING SOURCE
Original cataloging agency DLC
Transcribing agency DLC
Modifying agency DLC
041 ## - LANGUAGE CODE
Language code of text/sound track or separate title eng
080 ## - UNIVERSAL DECIMAL CLASSIFICATION NUMBER
Universal Decimal Classification number 540 SPE
100 1# - Rafti
Rafti 12
101 ## - Shkurtesa
Shkurtesa 9
245 10 - TITLE STATEMENT
Title Organic and biochemistry for today /
Statement of responsibility, etc Spencer L. Seager, Michael R. Slabaugh.
906 ## - LOCAL DATA ELEMENT F, LDF (RLIN)
a 7
b cbc
c origcop
d 2
e epcn
f 20
g y-gencatlg
942 ## - ADDED ENTRY ELEMENTS (KOHA)
Source of classification or shelving scheme
Item type Books
Holdings
Withdrawn status Lost status Source of classification or shelving scheme Damaged status Not for loan Collection code Permanent location Current location Shelving location Date acquired Total Checkouts Full call number Barcode Date last seen Price effective from Koha item type
          Koleksioni i përgjithshem UBT - Lipjan UBT - Lipjan Koleksioni i përgjithshem 02/27/2018   540 SPE 002-3000048 02/27/2018 02/27/2018 Books
UBT Library © 2015-2024. All rights reserved University Education for Business and Technology